000 01169nam a2200313 i 4500
003 EG-GICUC
005 20260401112433.0
008 260401s1978 fr ||||fr|||| 000 0 fre d
040 _aEG-GiCUC
_bfre
_cEG-GiCUC
_dEG-GiCUC
_erda
082 0 4 _221
_a341.3
_bKO . R
092 0 4 _221
099 _aLaw1 11 341.3 KO . R 1978
100 1 _aKouassi, E. Kwam
_eAuteur
245 1 4 _aLes Rapports Entre L'organisation Des Nations Unies Et L'organisation De L'unité Africaine :
_bContribution A La Theorie Institutionnelle Dans Les Rapports Internationaux /
_cE. Kwam Kouassi ; William Eteki Mboumoua, Marcel Merle.
264 1 _aBruxelles :
_bÉtablissements Émile Bruylant,
_c1978.
300 _a414pages :
_billustrations,
_c24 cm
336 _2rda content
_atext
337 _2rda media
_aComputer
338 _2rda carrier
_aOnline Resource
504 _a
546 _aTexte en français
650 1 4 _aDroit international public
_2
651 1 _2
700 1 _aMboumoua, William Eteki
_ePréfacier
700 1 _aMerle, Marcel
_ePréfacier
856 4 0 _uhttps://fll.law.cu.edu.eg/fulltext/bks/B11-08478.pdf
905 _a50
942 _2ddc
_cBK
_e21
_n0
999 _c68077
_d68077